NOT Coming to America Quiz Stats

 Plays Quiz Updated Nov 19, 2018

Also try: American Landmarks
Challenge
Share
Tweet
Embed
Score 0/30 Timer 07:00
31 Plays Today
Rank Country % Correct
3.North Korea
76.4%
4.Vatican City
63.4%
19.Lesotho
44.7%
30.San Marino
44.3%
7.Tuvalu
40.3%
8.Nauru
40.2%
24.eSwatini
40.1%
22.Chad
39.8%
12.Vanuatu
39.4%
18.Seychelles
39.2%
10.Marshall Islands
39%
13.Somalia
37.2%
9.Micronesia
36.3%
21.Djibouti
36.1%
17.Kiribati
36.1%
Rank Country % Correct
16.Bhutan
36%
15.Solomon Islands
35.9%
11.Maldives
34.3%
29.Madagascar
33.4%
5.Comoros
33.1%
1.Timor-Leste
31.7%
2.São Tomé and Príncipe
31.1%
25.Papua New Guinea
29.1%
26.Burundi
28.5%
23.Turkmenistan
28.5%
14.Central African Republic
28.2%
20.Equatorial Guinea
28.1%
27.Tajikistan
28%
6.Guinea-Bissau
26.5%
28.Mauritania
24.4%

You're not logged in!

Compare scores with friends on all Sporcle quizzes.
OR
Log In

You Might Also Like...

Show Comments

Extras

Top Quizzes Today


Score Distribution

Your Account Isn't Verified!

In order to create a playlist on Sporcle, you need to verify the email address you used during registration. Go to your Sporcle Settings to finish the process.

Report this User

Report this user for behavior that violates our Community Guidelines.

Details: